Scrutiny of Marxism (Record no. 5015)

MARC details
000 -LEADER
fixed length control field 00550nam a2200241 a 4500
020 ## - INTERNATIONAL STANDARD BOOK NUMBER
ISBN
082 00 - DEWEY DECIMAL CLASSIFICATION NUMBER
Classification number 335.4
Author Cutter CAM
100 ## - MAIN ENTRY--AUTHOR NAME
Author name Cameron, J M
245 ## - TITLE STATEMENT
Title Scrutiny of Marxism
260 ## - PUBLICATION, DISTRIBUTION, ETC. (IMPRINT)
Place of publication Kent
Name of publisher Stanhope Press
Year of publication 1948
300 ## - PHYSICAL DESCRIPTION
Number of Pages 128p
500 ## - GENERAL NOTE
General note includes index and biblioraphy
505 2# - FORMATTED CONTENTS NOTE
Formatted contents note Illustrate
650 ## - SUBJECT ADDED ENTRY--TOPICAL TERM
Topical Term Marxism
942 ## - ADDED ENTRY ELEMENTS (KOHA)
Koha item type Books
700 1# -
-- Cameron, J M
Holdings
Collection code Home library Current library Date acquired Cost, normal purchase price Full call number Accession Number Koha item type
  Henry Martyn Institute Library Henry Martyn Institute Library 05/01/2007 100.00 335.4 CAM 05561 Books
                   Copyright © 2026 | Henry Martyn Institute | Hyderabad | TS-500052 | INDIA | Implemented by hmi.edu.in
Hit-Count:

Powered by Koha